• 首页
  • 本馆介绍
  • 公告通知
  • 最新文献
  • 馆藏检索
  • 电子资源
  • 读者导购
  • 参考咨询
  • 我的图书馆
  • 登录
  • 详细信息显示
  • 放入我的书架
  • 预约/预借图书
  • 作者相关作品
  • 分类相关作品
  • 丛书相关作品
  • 出版社相关作品

书目信息

  • 表格格式
  • 工作单格式
  • 卡片格式
题名:
《本草纲目》中药养生速查手册
    
 
作者: 李叶 主编
分册:  
出版信息: 北京   北京联合出版公司  2014
页数: 309页
开本: 25cm
丛书名:
单 册:
中图分类: R212 , R282.7
科图分类:
主题词: 中草药--zhong cao yao--养生(中医)
电子资源:
ISBN: 978-7-5502-2424-7
000 00939nam0 22002531 450
001 0102093605
005 20170402093605.0
010    @a978-7-5502-2424-7@dCNY29.80
100    @a20140418d2014 em y0chiy50 ea
101 0  @achi
102    @aCN@b110000
105    @aa z 000yy
106    @ar
200 1  @a《本草纲目》中药养生速查手册@Aben cao gang mu zhong yao yang sheng su cha shou ce@f李叶主编
210    @a北京@c北京联合出版公司@c北京科学技术出版社@d2014
215    @a309页@c彩图@d25cm
300    @a中国家庭必备养生工具书
330    @a本书参考《本草纲目》的编写体例和相关内容,介绍了302种中药的正名、采集加工、炮制技术、药理作用、性味归经、功能主治及本药方和药膳方,并列出了药方、药膳方的配方、用法、炮制方法、随症加减和禁忌等。
606 0  @a中草药@Azhong cao yao@x养生(中医)
690    @aR212@v5
690    @aR282.7@v5
701  0 @a李叶@Ali ye@4主编
801  0 @aCN@bTANGWEI@c20170308
905    @b0963958-61@dR212@e386@f4
    
    《本草纲目》中药养生速查手册/李叶主编.-北京:北京联合出版公司:北京科学技术出版社,2014
    309页:彩图;25cm
    中国家庭必备养生工具书
    
    ISBN 978-7-5502-2424-7:CNY29.80
    本书参考《本草纲目》的编写体例和相关内容,介绍了302种中药的正名、采集加工、炮制技术、药理作用、性味归经、功能主治及本药方和药膳方,并列出了药方、药膳方的配方、用法、炮制方法、随症加减和禁忌等。
●
相关链接 在E读中查询图书 在五车中查询图书 在当当中查询图书 在豆瓣中查询图书


正题名:《本草纲目》中药养生速查手册     索取号:R212/386         预约/预借

序号 登录号 条形码 馆藏地/架位号 状态 备注
1 0963958   209639587   第二样本阅览室/ [索取号:R212/386] 在馆    
2 0963959   209639596   第三借阅区/ [索取号:R212/386] 在馆    
3 0963960   209639603   第三借阅区/ [索取号:R212/386] 在馆    
4 0963961   209639612   第三借阅区/ [索取号:R212/386] 在馆    
唐山师范学院图书馆 欢迎您!
大连网信软件有限公司© 版权所有